AH International Schools' Libraries

The termite king and the butterfly (KHMER) / (Record no. 48891)

MARC details
000 -LEADER
fixed length control field 00299nam a2200109 4500
005 - DATE AND TIME OF LATEST TRANSACTION
control field 20250505103806.0
100 ## - MAIN ENTRY--PERSONAL NAME
Personal name Om, Bopha
9 (RLIN) 86230
245 ## - TITLE STATEMENT
Title The termite king and the butterfly (KHMER) /
Statement of responsibility, etc Bopha Om
260 ## - PUBLICATION, DISTRIBUTION, ETC. (IMPRINT)
Place of publication, distribution, etc Cambodia
Name of publisher, distributor, etc PDH Bookshop
Date of publication, distribution, etc 2015
300 ## - PHYSICAL DESCRIPTION
Extent 8 p.
Other physical details col. ill.
Dimensions 27 cm.
942 ## - ADDED ENTRY ELEMENTS (KOHA)
Source of classification or shelving scheme
Koha item type Book
Holdings
Withdrawn status Lost status Source of classification or shelving scheme Damaged status Not for loan Collection code Home library Current library Date acquired Total Checkouts Full call number Barcode Date last seen Date checked out Price effective from Koha item type
          Siem Riep Asian Hope Primary Library Asian Hope Primary Library 05/05/2025 9 KHMER E OM 207827 02/05/2026 01/15/2026 05/05/2025 Book

For any Logos Library related questions please contact Miss Art at swongnarasuk@asianhope.org.

For any Asian Hope Library related questions please contact Miss Raza at graza@asianhope.org.

Powered by Koha